[Event "Moscow op-A"]
[Site "Moscow"]
[Date "2012.01.31"]
[Round "4"]
[White "Elfert, Aleksandr V"]
[Black "Lagashin, Pavel"]
[Result "0-1"]
[WhiteElo "2010"]
[BlackElo "2107"]
[PlyCount "82"]
[EventDate "2012.01.28"]
[EventType "swiss"]
[EventRounds "9"]
[EventCountry "RUS"]
[SourceTitle "CBM 146 Extra"]
[Source "ChessBase"]
[SourceDate "2012.02.29"]
[SourceVersion "1"]
[SourceVersionDate "2012.02.29"]
[SourceQuality "1"]

1. e4 c5 2. Nf3 e6 3. Nc3 Nc6 4. Bb5 Qc7 5. d4 cxd4 6. Nxd4 Nf6 7. 0-0 Bd6 8. g3 Nxd4 9. Qxd4 h5 10. Be2 a6 11. Be3 h4 12. f4 e5 13. Qd3 hxg3 14. hxg3 Bc5 15. Kg2 Bxe3 16. Qxe3 d6 17. Rh1 Rxh1 18. Rxh1 b5 19. Rh8+ Ke7 20. fxe5 dxe5 21. Rh7 Bb7 22. Rxg7 b4 23. Nd5+ Nxd5 24. exd5 Bxd5+ 25. Kf2 Rh8 26. Rg5 Rh2+ 27. Ke1 Qxc2 28. Qxe5+ Be6 29. Qc5+ Qxc5 30. Rxc5 Bxa2 31. Kd2 Kd6 32. Rc1 Rg2 33. g4 Be6 34. Ke3 Bxg4 35. Bxg4 Rxg4 36. Ra1 Rg2 37. Rxa6+ Ke5 38. Ra5+ Kf6 39. Ra6+ Kg5 40. b3 Rg3+ 41. Kd2 Rxb3 0-1

[Event "Moscow op-A"]
[Site "Moscow"]
[Date "2012.01.30"]
[Round "3"]
[White "Kachar, Vladimir"]
[Black "Elfert, Aleksandr V"]
[Result "1-0"]
[WhiteElo "2294"]
[BlackElo "2010"]
[PlyCount "127"]
[EventDate "2012.01.28"]
[EventType "swiss"]
[EventRounds "9"]
[EventCountry "RUS"]
[SourceTitle "CBM 146 Extra"]
[Source "ChessBase"]
[SourceDate "2012.02.29"]
[SourceVersion "1"]
[SourceVersionDate "2012.02.29"]
[SourceQuality "1"]

1. d4 d5 2. c4 e6 3. Nc3 Nf6 4. cxd5 exd5 5. Bg5 c6 6. e3 h6 7. Bh4 Bd6 8. Qc2 0-0 9. Nf3 Re8 10. Bd3 Na6 11. a3 b5 12. 0-0 Bg4 13. e4 g5 14. Nxg5 hxg5 15. Bxg5 Be7 16. e5 Nh5 17. Bxe7 Qxe7 18. f4 Qh4 19. Rf2 Kh8 20. Qd2 Rg8 21. Re1 Nc7 22. f5 Rg5 23. g3 Bh3 24. Ne2 Rag8 25. Kh1 Nxg3+ 26. Nxg3 Rxg3 27. hxg3 Rxg3 28. Rh2 Rxd3 29. Qf2 Qxf2 30. Rxf2 Rxd4 31. Re3 Bg4 32. Rg3 c5 33. Rh2+ Kg7 34. Rh4 Rd1+ 35. Kg2 Rd2+ 36. Kf1 Rd1+ 37. Kf2 Rd2+ 38. Ke3 Re2+ 39. Kd3 Rxe5 40. Rhxg4+ Kf6 41. Rg8 Rxf5 42. Rb8 c4+ 43. Kc3 Rf4 44. Rb7 d4+ 45. Kd2 Nd5 46. Rxb5 c3+ 47. Kd3 cxb2 48. Rxb2 Ne3 49. Rb4 Nf5 50. Rh3 Rf1 51. Ra4 Rb1 52. Rf3 Rb5 53. Rxa7 Kg5 54. Kc4 Re5 55. a4 f6 56. Rd7 Kg4 57. Ra3 Re4 58. a5 Kf4 59. a6 Ne3+ 60. Kd3 Nf5 61. Kd2 Ng3 62. a7 Nf1+ 63. Kd1 Ne3+ 64. Rxe3 1-0

[Event "EU-ch Seniors 11th"]
[Site "Courmayeur"]
[Date "2011.04.13"]
[Round "8"]
[White "Elfert, Aleksandr V"]
[Black "Frank, Albert"]
[Result "1-0"]
[WhiteElo "2039"]
[BlackElo "1909"]
[PlyCount "67"]
[EventDate "2011.04.06"]
[EventType "swiss"]
[EventRounds "9"]
[EventCountry "ITA"]
[SourceTitle "CBM 141 Extra"]
[Source "ChessBase"]
[SourceDate "2011.05.03"]
[SourceVersion "1"]
[SourceVersionDate "2011.05.03"]
[SourceQuality "1"]

1. d4 c5 2. d5 Nf6 3. Nc3 e5 4. e4 d6 5. Be2 Be7 6. g3 0-0 7. h4 b5 8. Bxb5 Qa5 9. Qe2 Na6 10. f3 Nh5 11. Kf2 f5 12. exf5 Rxf5 13. Bd3 Nb4 14. Be4 Ba6 15. Qd1 Rf7 16. Bg5 Bb7 17. a3 Na6 18. Kg2 Qd8 19. Nh3 Nf6 20. Bxf6 Bxf6 21. Ng5 Bxg5 22. Bxh7+ Kxh7 23. hxg5+ Kg8 24. Ne4 Nc7 25. c4 Ne8 26. g6 Rf5 27. f4 exf4 28. gxf4 Nf6 29. Ng5 Ng4 30. Qxg4 Qf6 31. Rae1 Qxb2+ 32. Re2 Rxf4 33. Rh8+ Kxh8 34. Qh5+ 1-0

[Event "EU-ch Seniors 11th"]
[Site "Courmayeur"]
[Date "2011.04.08"]
[Round "3"]
[White "Deiana, Giacomo"]
[Black "Elfert, Aleksandr V"]
[Result "1/2-1/2"]
[WhiteElo "1689"]
[BlackElo "2039"]
[PlyCount "97"]
[EventDate "2011.04.06"]
[EventType "swiss"]
[EventRounds "9"]
[EventCountry "ITA"]
[SourceTitle "CBM 141 Extra"]
[Source "ChessBase"]
[SourceDate "2011.05.03"]
[SourceVersion "1"]
[SourceVersionDate "2011.05.03"]
[SourceQuality "1"]

1. Nf3 Nf6 2. g3 c5 3. c4 Nc6 4. Bg2 e5 5. d3 h6 6. Nc3 d6 7. 0-0 Bg4 8. h3 Be6 9. e4 Qd7 10. Kh2 g5 11. Nd5 Bg7 12. Qa4 0-0 13. b4 Bxd5 14. cxd5 Nxb4 15. Qxd7 Nxd7 16. Ne1 b5 17. a3 Na6 18. Rb1 Rab8 19. Bd2 Nc7 20. Nc2 Nb6 21. Ne3 Rfe8 22. Nf5 Bf8 23. f4 f6 24. fxg5 hxg5 25. Bf3 Kh7 26. h4 gxh4 27. Nxh4 Bg7 28. Nf5 Nc8 29. Kg2 Rh8 30. Rh1+ Kg8 31. Bg4 Rxh1 32. Rxh1 b4 33. axb4 cxb4 34. Nxg7 Kxg7 35. Bxc8 Rxc8 36. Bxb4 Nb5 37. Ra1 Rc2+ 38. Kh3 Rb2 39. Be1 Kf7 40. Ra4 Re2 41. Bb4 Rb2 42. Be1 Rb3 43. Rb4 Nd4 44. Rxb3 Nxb3 45. Bb4 Nc5 46. Kg2 Nb7 47. Kf3 a5 48. Bc3 a4 49. Bb4 1/2-1/2

[Event "Moscow op-E"]
[Site "Moscow"]
[Date "2011.02.06"]
[Round "9.192"]
[White "Elfert, Aleksandr V"]
[Black "Payanidi, Janis"]
[Result "1-0"]
[WhiteElo "1999"]
[BlackElo "1831"]
[PlyCount "75"]
[EventDate "2011.01.29"]
[EventType "swiss"]
[EventRounds "9"]
[EventCountry "RUS"]
[SourceTitle "EXT 2022"]
[Source "ChessBase"]
[SourceDate "2021.10.06"]
[SourceVersion "1"]
[SourceVersionDate "2021.10.06"]
[SourceQuality "1"]

1. b3 e5 2. Bb2 d6 3. g3 Nf6 4. Bg2 g6 5. e4 Bg7 6. Ne2 0-0 7. c4 Re8 8. d3 Nc6 9. 0-0 Be6 10. Na3 Qd7 11. Nc2 Bh3 12. f4 Nh5 13. f5 Bxg2 14. Kxg2 Nf6 15. h3 gxf5 16. Rxf5 Ne7 17. Rf3 Ng6 18. Qd2 c6 19. Raf1 Qe6 20. Ne3 Rf8 21. Nf5 Nd7 22. h4 f6 23. Qb4 Nc5 24. Ba3 b6 25. Qd2 Nb7 26. Qe3 Rae8 27. Bc1 Kh8 28. h5 Ne7 29. h6 Nxf5 30. Rxf5 Re7 31. Qf3 Ref7 32. hxg7+ Kxg7 33. Bh6+ Kg8 34. Bxf8 Rxf8 35. Rxf6 Rxf6 36. Qxf6 Qc8 37. Qf7+ Kh8 38. Qe7 1-0

[Event "Moscow op-E"]
[Site "Moscow"]
[Date "2011.02.05"]
[Round "8.137"]
[White "Birjukov, Sergey"]
[Black "Elfert, Aleksandr V"]
[Result "1-0"]
[WhiteElo "2210"]
[BlackElo "1999"]
[PlyCount "75"]
[EventDate "2011.01.29"]
[EventType "swiss"]
[EventRounds "9"]
[EventCountry "RUS"]
[SourceTitle "EXT 2022"]
[Source "ChessBase"]
[SourceDate "2021.10.06"]
[SourceVersion "1"]
[SourceVersionDate "2021.10.06"]
[SourceQuality "1"]

1. d4 d6 2. c4 e5 3. Nf3 e4 4. Nfd2 f5 5. Nc3 Nf6 6. e3 c6 7. Be2 Be7 8. b4 d5 9. Qb3 0-0 10. 0-0 Be6 11. b5 Qd7 12. a4 Kh8 13. Ba3 Bxa3 14. Qxa3 Rg8 15. f3 g5 16. cxd5 cxd5 17. fxe4 dxe4 18. Nc4 Bxc4 19. Bxc4 Rc8 20. Qb3 Ng4 21. Nd5 Qd6 22. g3 Qh6 23. Ra2 Nd7 24. Re2 Rf8 25. a5 Rac8 26. Qb4 f4 27. exf4 gxf4 28. Nxf4 e3 29. Bd5 Nf2 30. Rxe3 Nh3+ 31. Kh1 Nxf4 32. gxf4 Rxf4 33. Rfe1 Rf2 34. Re8+ Nf8 35. Bg2 Qg7 36. Bh3 Qf7 37. Rxc8 Qf3+ 38. Kg1 1-0

[Event "Moscow op-E"]
[Site "Moscow"]
[Date "2011.01.30"]
[Round "2.239"]
[White "Tarasenko, Vitalij"]
[Black "Elfert, Aleksandr V"]
[Result "0-1"]
[WhiteElo "1488"]
[BlackElo "1999"]
[PlyCount "54"]
[EventDate "2011.01.29"]
[EventType "swiss"]
[EventRounds "9"]
[EventCountry "RUS"]
[SourceTitle "EXT 2022"]
[Source "ChessBase"]
[SourceDate "2021.10.06"]
[SourceVersion "1"]
[SourceVersionDate "2021.10.06"]
[SourceQuality "1"]

1. c4 e5 2. Nc3 Nf6 3. g3 Bc5 4. Bg2 d6 5. Nf3 Nc6 6. d3 Bg4 7. 0-0 Qd7 8. a3 a5 9. Bd2 0-0 10. e3 Qf5 11. e4 Qh5 12. Be3 Bd4 13. Rb1 h6 14. Nb5 Rac8 15. Nbxd4 exd4 16. h3 dxe3 17. fxe3 Bxh3 18. Nh2 Qxd1 19. Rfxd1 Bxg2 20. Kxg2 Rfe8 21. b4 axb4 22. axb4 Ra8 23. Rd2 Ra3 24. Kf3 Ne5+ 25. Ke2 Rea8 26. Nf3 Nxf3 27. Kxf3 Nd7 0-1

[Event "Wch Seniors 19th"]
[Site "Condino"]
[Date "2009.10.30"]
[Round "4"]
[White "Elfert, Aleksandr V"]
[Black "Sawadkuhi, Massoud Amir"]
[Result "0-1"]
[WhiteElo "2021"]
[BlackElo "2228"]
[PlyCount "75"]
[EventDate "2009.10.27"]
[EventType "swiss"]
[EventRounds "11"]
[EventCountry "ITA"]
[SourceTitle "EXT 2010"]
[Source "ChessBase"]
[SourceDate "2010.11.25"]
[SourceVersion "1"]
[SourceVersionDate "2010.11.25"]
[SourceQuality "1"]

1. d4 Nf6 2. Bg5 Ne4 3. Bf4 c5 4. f3 Nf6 5. dxc5 Qa5+ 6. Nc3 Qxc5 7. e4 d6 8. Qd2 a6 9. Be3 Qc7 10. Nge2 e6 11. 0-0-0 Nbd7 12. g4 h6 13. h4 b5 14. a3 Bb7 15. Rg1 Ne5 16. Nd4 Nfd7 17. g5 hxg5 18. hxg5 Nb6 19. g6 Nec4 20. gxf7+ Qxf7 21. Bxc4 Nxc4 22. Qf2 Be7 23. Kb1 Rc8 24. Nce2 Rc5 25. Rg4 Rch5 26. Bc1 Bh4 27. Qg1 Bf6 28. f4 Bxe4 29. f5 exf5 30. Rxe4+ fxe4 31. Qg4 0-0 32. Rg1 e3 33. Qe6 Qxe6 34. Nxe6 Rc8 35. N2f4 Re5 36. Nd4 Nd2+ 37. Ka2 Re4 38. Bxd2 0-1

[Event "RUS-ch Seniors"]
[Site "Lesnoj Gorodok"]
[Date "2009.10.10"]
[Round "8"]
[White "Elfert, Aleksandr V"]
[Black "Degtiarev, Viktor"]
[Result "1-0"]
[WhiteElo "2017"]
[BlackElo "1891"]
[PlyCount "103"]
[EventDate "2009.10.03"]
[EventType "swiss"]
[EventRounds "9"]
[EventCountry "RUS"]
[SourceTitle "CBM 132 Extra"]
[Source "ChessBase"]
[SourceDate "2009.11.03"]
[SourceVersion "1"]
[SourceVersionDate "2009.11.03"]
[SourceQuality "1"]

1. d4 c5 2. d5 d6 3. e4 Nf6 4. Nc3 a6 5. a4 g6 6. f4 Bg7 7. e5 dxe5 8. fxe5 Ng4 9. e6 Ne5 10. exf7+ Nxf7 11. Nf3 0-0 12. Be2 Bf5 13. 0-0 Nd7 14. Be3 Qc7 15. Qd2 Rad8 16. Rad1 Qb6 17. Qc1 Qb4 18. d6 exd6 19. Nd5 Qxa4 20. Ne7+ Kh8 21. Nxf5 gxf5 22. b3 Qc6 23. Bc4 Nfe5 24. Bd5 Qc7 25. Ng5 Nf6 26. Ne6 Qe7 27. Bg5 Qd7 28. Nxd8 Rxd8 29. c4 Re8 30. Qf4 Nxd5 31. Rxd5 Rf8 32. Rfd1 Ng6 33. Qf2 Qe8 34. Re1 Qf7 35. Rxd6 Rc8 36. Qd2 Bd4+ 37. Be3 Bxe3+ 38. Rxe3 f4 39. Red3 Kg8 40. Rd8+ Rxd8 41. Rxd8+ Nf8 42. Kf2 b5 43. Qd5 bxc4 44. Qxc4 Qxc4 45. bxc4 Kf7 46. Ra8 Ne6 47. Rxa6 Kf6 48. Kf3 Ke5 49. Rxe6+ Kxe6 50. Kxf4 Kf6 51. g4 h6 52. h4 1-0

[Event "RUS-ch Seniors"]
[Site "Lesnoj Gorodok"]
[Date "2009.10.04"]
[Round "2"]
[White "Elfert, Aleksandr V"]
[Black "Mosionzhik, Ilya Samoilovich"]
[Result "0-1"]
[WhiteElo "2017"]
[BlackElo "2162"]
[PlyCount "100"]
[EventDate "2009.10.03"]
[EventType "swiss"]
[EventRounds "9"]
[EventCountry "RUS"]
[SourceTitle "CBM 132 Extra"]
[Source "ChessBase"]
[SourceDate "2009.11.03"]
[SourceVersion "1"]
[SourceVersionDate "2009.11.03"]
[SourceQuality "1"]

1. e3 e5 2. c4 Nf6 3. b3 d5 4. cxd5 Nxd5 5. a3 Be7 6. Bb2 f6 7. Qh5+ g6 8. Qh6 Bf8 9. Qh4 Bg7 10. Bc4 Nb6 11. Nc3 Nxc4 12. Qxc4 c6 13. a4 Qe7 14. Ba3 Qe6 15. Ne4 Qxc4 16. bxc4 Be6 17. Rb1 b6 18. Nf3 Nd7 19. Nd6+ Kd8 20. d4 Bf8 21. c5 Bxd6 22. cxd6 Bd5 23. Kd2 exd4 24. exd4 Nf8 25. a5 Kd7 26. Rb4 Ne6 27. Rhb1 b5 28. Ne1 Be4 29. Nd3 Bxd3 30. Kxd3 Nf4+ 31. Kd2 Rhe8 32. g3 Re2+ 33. Kd1 Ra2 34. gxf4 Rxa3 35. d5 Rd3+ 36. Kc2 Rxd5 37. Re1 Kxd6 38. Rbe4 Kc5 39. Rc1 Rad8 40. Kb3+ Kd6 41. Rce1 Kc7 42. Re7+ R8d7 43. R1e6 Rxe7 44. Rxe7+ Rd7 45. Re6 f5 46. Kc3 Kb7 47. h4 Ka6 48. Rxc6+ Kxa5 49. h5 gxh5 50. Rf6 Rd5 0-1

[Event "RUS-ch Seniors"]
[Site "Lesnoj Gorodok"]
[Date "2009.10.03"]
[Round "1"]
[White "Radomsky, Viacheslav G"]
[Black "Elfert, Aleksandr V"]
[Result "1-0"]
[WhiteElo "2202"]
[BlackElo "2017"]
[PlyCount "107"]
[EventDate "2009.10.03"]
[EventType "swiss"]
[EventRounds "9"]
[EventCountry "RUS"]
[SourceTitle "CBM 132 Extra"]
[Source "ChessBase"]
[SourceDate "2009.11.03"]
[SourceVersion "1"]
[SourceVersionDate "2009.11.03"]
[SourceQuality "1"]

1. Nf3 Nf6 2. c4 c5 3. d4 cxd4 4. Nxd4 Nc6 5. Nc3 Qb6 6. e3 e6 7. Ndb5 Bb4 8. a3 Bxc3+ 9. Nxc3 0-0 10. b4 d5 11. Bb2 dxc4 12. Bxc4 Ne5 13. Ne4 Nfg4 14. Be2 f5 15. Nc5 Rd8 16. Qb3 Rd5 17. Qc3 Qc7 18. h3 Nxf2 19. Kxf2 b6 20. Nb3 Nd3+ 21. Bxd3 Qxc3 22. Bxc3 Rxd3 23. Rac1 Bd7 24. Rhd1 Rxd1 25. Rxd1 Ba4 26. Rb1 Rc8 27. Be5 Rc2+ 28. Kg3 Bc6 29. Rb2 Rc4 30. Nd4 Ba4 31. Nf3 h6 32. Rd2 Rc8 33. Rd6 Kf7 34. h4 g6 35. Kf4 Ke7 36. Nd4 Bd7 37. b5 Rg8 38. Nc6+ Ke8 39. Nxa7 g5+ 40. hxg5 hxg5+ 41. Kf3 f4 42. exf4 gxf4 43. Bxf4 Rf8 44. Ke4 Rf5 45. a4 e5 46. Bxe5 Rf2 47. Rxb6 Rxg2 48. a5 Re2+ 49. Kd5 Ra2 50. a6 Rd2+ 51. Bd4 Ra2 52. Nc6 Ra4 53. Rb8+ Kf7 54. Ne5+ 1-0

[Event "Moscow op-B"]
[Site "Moscow"]
[Date "2009.02.01"]
[Round "2"]
[White "Chirva, Leonid"]
[Black "Elfert, Aleksandr V"]
[Result "0-1"]
[WhiteElo "2245"]
[BlackElo "2007"]
[PlyCount "90"]
[EventDate "2009.01.31"]
[EventType "swiss"]
[EventRounds "9"]
[EventCountry "RUS"]
[SourceTitle "EXT 2012"]
[Source "ChessBase"]
[SourceDate "2011.11.24"]
[SourceVersion "1"]
[SourceVersionDate "2011.11.24"]
[SourceQuality "1"]

1. e4 c5 2. Nf3 d6 3. d4 cxd4 4. Nxd4 Nf6 5. Nc3 a6 6. Be3 Ng4 7. Bg5 h6 8. Bh4 g5 9. Bg3 Bg7 10. Be2 Ne5 11. 0-0 Nbc6 12. Nxc6 bxc6 13. Rb1 Be6 14. Kh1 0-0 15. Qe1 a5 16. b3 f5 17. f4 gxf4 18. Bxf4 Ng6 19. Bd2 f4 20. Bh5 Bf7 21. Ne2 e5 22. Ng1 a4 23. c4 axb3 24. axb3 Ra2 25. Ra1 Qa8 26. Rxa2 Qxa2 27. Bd1 Kh7 28. Bb4 c5 29. Bc3 Bf6 30. Nf3 Rg8 31. Rf2 Qa8 32. Rd2 Be7 33. Bc2 Be6 34. Rd1 Bg4 35. Rd2 Qc8 36. Ng1 Bg5 37. Rxd6 Qf8 38. Rd3 Nh4 39. Nf3 Nxf3 40. gxf3 Bh3 41. Bxe5 Qe7 42. Bd6 Qg7 43. Rd2 Bh4 44. Rf2 Bg2+ 45. Kg1 Bxf3+ 0-1

[Event "Moscow op-B"]
[Site "Moscow"]
[Date "2009.02.01"]
[Round "3"]
[White "Elfert, Aleksandr V"]
[Black "Ivanets, Vladimir"]
[Result "1-0"]
[WhiteElo "2007"]
[BlackElo "2223"]
[PlyCount "91"]
[EventDate "2009.01.31"]
[EventType "swiss"]
[EventRounds "9"]
[EventCountry "RUS"]
[SourceTitle "EXT 2012"]
[Source "ChessBase"]
[SourceDate "2011.11.24"]
[SourceVersion "1"]
[SourceVersionDate "2011.11.24"]
[SourceQuality "1"]

1. Nf3 b5 2. e4 Bb7 3. Bxb5 Bxe4 4. 0-0 a6 5. Ba4 e6 6. d4 Nf6 7. c4 Nc6 8. Nc3 Bxf3 9. gxf3 Be7 10. a3 0-0 11. b4 Nh5 12. f4 g6 13. Be3 Bf6 14. Ne4 Bg7 15. Nc5 Nb8 16. Nb7 Qh4 17. Qf3 Nc6 18. Rad1 Bh6 19. Nc5 Rad8 20. d5 exd5 21. cxd5 Nb8 22. Rd4 Bg7 23. Rc4 d6 24. Nb7 Rc8 25. Na5 f5 26. Rfc1 Rf7 27. b5 axb5 28. Bxb5 Bf8 29. a4 Nd7 30. Bxd7 Rxd7 31. Nc6 Bg7 32. a5 Ra8 33. a6 Rxa6 34. Nb8 Ra1 35. Rxa1 Bxa1 36. Nxd7 Qd8 37. Qd1 Bg7 38. Qa4 h6 39. f3 Kh7 40. Kg2 Qe7 41. Bf2 g5 42. Qa5 Qxd7 43. Rxc7 Nxf4+ 44. Kh1 Qe8 45. Qa7 Qg6 46. Bd4 1-0

[Event "RUS-ch Seniors"]
[Site "Odintsovo"]
[Date "2008.10.10"]
[Round "8"]
[White "Elfert, Aleksandr V"]
[Black "Stepanov, Igor"]
[Result "0-1"]
[WhiteElo "2002"]
[BlackElo "2052"]
[PlyCount "48"]
[EventDate "2008.10.02"]
[EventType "swiss"]
[EventRounds "9"]
[EventCountry "RUS"]
[SourceTitle "CBM 127 Extra"]
[Source "ChessBase"]
[SourceDate "2009.01.08"]
[SourceVersion "2"]
[SourceVersionDate "2009.01.28"]
[SourceQuality "1"]

1. e4 d5 2. exd5 Qxd5 3. Nc3 Qa5 4. Nf3 Nf6 5. Bc4 Bg4 6. h3 Qh5 7. d4 Nc6 8. Bb5 0-0-0 9. Bxc6 bxc6 10. Qd3 Bxf3 11. gxf3 e5 12. Qa6+ Kd7 13. dxe5 Qxf3 14. 0-0 Bc5 15. Be3 Bxe3 16. Qd3+ Nd5 17. Ne4 f5 18. Nd2 Qg3+ 19. Kh1 Qxh3+ 20. Kg1 Qg4+ 21. Kh1 Ke8 22. fxe3 Qh3+ 23. Kg1 Qg3+ 24. Kh1 Nxe3 0-1

[Event "EU-ch Seniors 08th"]
[Site "Davos"]
[Date "2008.08.17"]
[Round "9"]
[White "Ozbilen, Hayri"]
[Black "Elfert, Aleksandr V"]
[Result "1-0"]
[WhiteElo "2113"]
[BlackElo "2055"]
[PlyCount "97"]
[EventDate "2008.08.09"]
[EventType "swiss"]
[EventRounds "9"]
[EventCountry "SUI"]
[SourceTitle "CBM 126 Extra"]
[Source "ChessBase"]
[SourceDate "2008.11.05"]
[SourceVersion "1"]
[SourceVersionDate "2008.11.05"]
[SourceQuality "1"]

1. e4 c5 2. Nc3 Nc6 3. g3 g6 4. Bg2 Bg7 5. d3 b6 6. Be3 Bb7 7. Qd2 d6 8. Nf3 Qd7 9. Rd1 Nd4 10. 0-0 f5 11. Rfe1 e5 12. Ne2 Nf6 13. Nexd4 cxd4 14. Bh6 0-0 15. Bxg7 Kxg7 16. exf5 h6 17. c3 dxc3 18. bxc3 gxf5 19. Nh4 Bxg2 20. Kxg2 f4 21. f3 Nd5 22. g4 Ne3+ 23. Rxe3 fxe3 24. Qxe3 Rf6 25. d4 e4 26. Nf5+ Kh8 27. fxe4 Qa4 28. Rd2 Qd7 29. h3 Qh7 30. Rf2 Re8 31. Kh2 h5 32. Kg3 Rg6 33. g5 Rge6 34. Rf4 Qb7 35. d5 Qxd5 36. exd5 Rxe3+ 37. Nxe3 Rxe3+ 38. Rf3 Re5 39. Kh4 Rxd5 40. Kxh5 Kg7 41. Re3 Rc5 42. Re7+ Kf8 43. Rxa7 Rxc3 44. h4 d5 45. g6 Rc4 46. Kg5 d4 47. h5 d3 48. Rd7 Ra4 49. h6 1-0

[Event "EU-ch Seniors 08th"]
[Site "Davos"]
[Date "2008.08.13"]
[Round "5"]
[White "Seuss, Oswald"]
[Black "Elfert, Aleksandr V"]
[Result "1-0"]
[WhiteElo "2198"]
[BlackElo "2055"]
[PlyCount "72"]
[EventDate "2008.08.09"]
[EventType "swiss"]
[EventRounds "9"]
[EventCountry "SUI"]
[SourceTitle "CBM 126 Extra"]
[Source "ChessBase"]
[SourceDate "2008.11.05"]
[SourceVersion "1"]
[SourceVersionDate "2008.11.05"]
[SourceQuality "1"]

1. e4 Nf6 2. e5 Nd5 3. d4 d6 4. Nf3 Bg4 5. Be2 e6 6. 0-0 Be7 7. c4 Nb6 8. exd6 cxd6 9. Be3 N8d7 10. Nbd2 0-0 11. h3 Bh5 12. Rc1 f5 13. c5 f4 14. cxb6 fxe3 15. fxe3 Nxb6 16. Qb3 d5 17. Bd3 Bg5 18. Rce1 Bf6 19. Qc2 h6 20. Bh7+ Kh8 21. Bg6 Rc8 22. Qd3 Bxg6 23. Qxg6 Qd6 24. e4 dxe4 25. Rxe4 Qd5 26. b3 Nd7 27. Rfe1 Qf5 28. Qg3 Rc3 29. Qd6 e5 30. g4 Qg6 31. dxe5 Rc6 32. Qxd7 Bd8 33. e6 Bb6+ 34. Kg2 Rc2 35. e7 Re8 36. h4 Qf7 1-0

[Event "Moscow op-B 04th"]
[Site "Moscow"]
[Date "2008.02.04"]
[Round "3"]
[White "Grinenko, Viktor"]
[Black "Elfert, Aleksandr V"]
[Result "1-0"]
[WhiteElo "1931"]
[BlackElo "2131"]
[PlyCount "47"]
[EventDate "2008.02.02"]
[EventType "swiss"]
[EventRounds "9"]
[EventCountry "RUS"]
[SourceTitle "CBM 122 Extra"]
[Source "ChessBase"]
[SourceDate "2008.03.04"]
[SourceVersion "1"]
[SourceVersionDate "2008.03.04"]
[SourceQuality "1"]

1. d4 d5 2. c4 c6 3. Nc3 e6 4. Nf3 Be7 5. e4 dxe4 6. Nxe4 Nf6 7. Bd3 Nbd7 8. 0-0 Nxe4 9. Bxe4 Nf6 10. Bc2 h5 11. Re1 Ng4 12. h3 Bb4 13. Bd2 Be7 14. hxg4 hxg4 15. Ne5 g3 16. Be3 Bb4 17. Qf3 Qh4 18. fxg3 Qh2+ 19. Kf2 Bxe1+ 20. Rxe1 f5 21. Ng6 Rh5 22. Nh4 Rh8 23. Bg5 Kd7 24. Rxe6 1-0

[Event "Chigorin Memorial-B 15th"]
[Site "St Petersburg"]
[Date "2007.12.05"]
[Round "5"]
[White "Elfert, Aleksandr V"]
[Black "Martynova, Anastasia"]
[Result "1-0"]
[WhiteElo "2083"]
[BlackElo "1898"]
[PlyCount "47"]
[EventDate "2007.11.30"]
[EventType "swiss"]
[EventRounds "9"]
[EventCountry "RUS"]
[SourceTitle "CBM 121 Extra"]
[Source "ChessBase"]
[SourceDate "2008.01.10"]
[SourceVersion "1"]
[SourceVersionDate "2008.01.10"]
[SourceQuality "1"]

1. g4 d5 2. Bg2 Bxg4 3. c4 Nf6 4. Qb3 c6 5. cxd5 cxd5 6. Nc3 e5 7. Qxb7 Nbd7 8. Nxd5 Nxd5 9. Qxd5 Rc8 10. Nf3 Be6 11. Qb5 Bc5 12. d3 Rb8 13. Qa4 Bb4+ 14. Kf1 Qc7 15. Be3 0-0 16. Rc1 Qd6 17. Rc6 Qd5 18. b3 e4 19. Ng5 Nb6 20. Qxb4 Qxc6 21. Bxe4 Bd5 22. Bxh7+ Kh8 23. Qh4 Bxh1 24. Bg6+ 1-0

[Event "Chigorin Memorial-B 15th"]
[Site "St Petersburg"]
[Date "2007.12.04"]
[Round "4"]
[White "Bortnikova, Olga"]
[Black "Elfert, Aleksandr V"]
[Result "0-1"]
[WhiteElo "1834"]
[BlackElo "2083"]
[PlyCount "46"]
[EventDate "2007.11.30"]
[EventType "swiss"]
[EventRounds "9"]
[EventCountry "RUS"]
[SourceTitle "CBM 121 Extra"]
[Source "ChessBase"]
[SourceDate "2008.01.10"]
[SourceVersion "1"]
[SourceVersionDate "2008.01.10"]
[SourceQuality "1"]

1. e4 Nc6 2. Nf3 f5 3. exf5 d5 4. d4 Bxf5 5. c3 Nf6 6. Bf4 e6 7. Bb5 Bd6 8. Ne5 0-0 9. Bxc6 bxc6 10. Nxc6 Qe8 11. Ne5 Rb8 12. Nd2 Nh5 13. Bg3 Bxe5 14. Bxe5 Bd3 15. Nf3 Qg6 16. Qd2 Qe4+ 17. Qe3 Rxb2 18. Qxe4 dxe4 19. Nd2 Nf4 20. Bxf4 Rxf4 21. f3 e3 22. Nf1 Rxg2 23. h4 Rxf3 0-1